00574 2200181 4500001002100000005001500021008004100036020002200077035001900099041000700118082001100125090001700136100000800153245006700161260011800228300003200346650001400378INLIS00000000000596320241224113211241224||||||||| | ||| |||| || |  a978-979-3819-48-8 0010-1224005963 aid0 a631.38 a631.38 TIM s0 atim00aSagu (Metroxylon SPP) Sebagai Sumber Energi Bioetanol Potensal aBogorbPusat Penelitian Dan Pengembangan Huatan Tanaman; Badan Penelitian Dan Pengembangan Kehutanan Departc2008 aviii, 96 hlm.; Ilus.: 24 cm 0aPertanian